Studying politics. (Record no. 169199)
[ view plain ]
| 000 -LEADER | |
|---|---|
| fixed length control field | 00706cam0a220024100 4500 |
| 001 - CONTROL NUMBER | |
| control field | zam00002449 |
| 008 - FIXED-LENGTH DATA ELEMENTS--GENERAL INFORMATION | |
| fixed length control field | 951128s1973 xx eng u |
| 035 ## - SYSTEM CONTROL NUMBER | |
| System control number | (Sirsi) r19808 |
| 035 ## - SYSTEM CONTROL NUMBER | |
| System control number | (MACHINE)SLC. |
| 100 ## - MAIN ENTRY--PERSONAL NAME | |
| Personal name | Welsh, W. A. |
| Linkage | A80835.1 |
| 245 10 - TITLE STATEMENT | |
| Title | Studying politics. |
| 260 ## - PUBLICATION, DISTRIBUTION, ETC. | |
| Date of publication, distribution, etc. | 1973. |
| 591 ## - | |
| -- | Class code: PL 110. |
| 591 ## - | |
| -- | Course: Introduction to government and politics. |
| 591 ## - | |
| -- | School: S05. |
| 591 ## - | |
| -- | Lecturer: Dr. LAWSON, L.A. |
| 591 ## - | |
| -- | Number of Students: 170. |
| 949 ## - LOCAL PROCESSING INFORMATION (OCLC) | |
| a | JA66 |
| w | lcc |
| i | -17969 |
| m | MAIN |
| t | BOOK |
| l | ON-SHELF |
| 949 ## - LOCAL PROCESSING INFORMATION (OCLC) | |
| a | JA66 |
| w | lcc |
| i | -17970 |
| m | MAIN |
| t | BOOK |
| l | ON-SHELF |
| 900 ## - EQUIVALENCE OR CROSS-REFERENCE-PERSONAL NAME [LOCAL, CANADA] | |
| -- | MAIN |
| Field link and sequence number | JA66 |
| -- | WEL |
| Titles and other words associated with a name | 2 |
| 909 ## - | |
| -- | Book |
No items available.